| 000 | 03068nam a2200553Ia 4500 | ||
|---|---|---|---|
| 001 | 4117 | ||
| 008 | 241029s9999 xx 000 0 und d | ||
| 010 | _a3867 | ||
| 041 | _aEspañol | ||
| 082 | _aUCSD MDU 0085 | ||
| 245 | 0 | _aUso de las Tecnologías de la Información y las Comunicaciones (TICS), en la Enseñanza de la Geografía, en la Universidad Autónoma de Santo Domingo en el Año 2013 | |
| 260 | _aSanto Domingo | ||
| 300 | _a88 | ||
| 520 | _a48 | ||
| 630 | _aEnseñanza-Aprendizaje | ||
| 630 | _aGeografía | ||
| 630 | _aTecnología de la Información y Comunicación (TICs) | ||
| 630 | _aTecnología Educativa | ||
| 650 | _aTecnología de la Información y de la Comunicación (TICs) | ||
| 690 | _aElaborado | ||
| 700 |
_easesor _aAstacio, Martin |
||
| 700 |
_eautor _aSantana, Ronald Cristian |
||
| 901 |
_a{"1":"Santana"} _b{"1":"Ronald Cristian"} |
||
| 902 | _a1 | ||
| 903 |
_a{"1":"Astacio"} _b{"1":"Martin"} |
||
| 904 | _aMaestría en | ||
| 905 | _aDocencia y Gestión Universitaria | ||
| 906 | _a2 | ||
| 907 | _aNO APLICA | ||
| 908 | _aNO APLICA | ||
| 909 | _aUniversidad Católica de Santo Domingo (UCSD) | ||
| 910 |
_aNULL _bNULL |
||
| 911 | _a["1"] | ||
| 912 | _aNO APLICA | ||
| 913 | _aNULL | ||
| 914 | _a01 de Noviembre de 2013 | ||
| 915 | _a15/05/15 11:05 | ||
| 916 | _aNULL | ||
| 917 | _aNULL | ||
| 918 | _aNO APLICA | ||
| 919 | _a["89","233","296","191"] | ||
| 520 | _aEl propósito principal de esta investigación consistió en, analizar la vinculación de la geografía con las tecnologías de la información y las comunicaciones, con el fin de determinar el grado de formación o capacitación que reflejan los docentes de la asignatura de Geografía de la UASD, en la aplicación y manejo de las tecnologías aplicadas en la educación y en el proceso enseñanza-aprendizaje, además, determinar el nivel de conocimiento que poseen estos docentes en tecnologías aplicadas a la educación, tanto en la capacitación, como en recursos didácticos tecnológicos, para que estos integren las TICs a sus prácticas pedagógicas. En la investigación se usaron los métodos: inductivo, la observación, el análisis y la entrevista. El estudio se realizó con una población de 16 docentes, para una muestra de un 100%. Se concluyó con los siguientes datos: en el 56.3% de los profesores, existe un alto grado de relación entre la tecnología y la enseñanza, los programas que más dominan los docentes en la Escuela de Geografía son; el Word y el Power Point, con un 93.8%.Se recomendó iniciar un proyecto de vitalización de la docencia, desarrollando políticas y/o programas que vallan en beneficio del uso de las TICs en las enseñanzas de las Geografías. Crear un sistema de acompañamiento y monitoreo de los docentes, a fin de que los mismos cuenten con el apoyo y la exigencia necesaria, para la integración de las TICs en sus prácticas pedagógicas. | ||
| 921 | _a12 | ||
| 922 | _a12 | ||
| 923 | _a0 | ||
| 924 | _aNO APLICA | ||
| 942 | _cTesis | ||
| 999 |
_c3867 _d3867 |
||